[Event "South-America-chT U14 22th"]
[Site "Medellin"]
[Date "2016.12.13"]
[Round "1.4"]
[White "Mamani, Anahi"]
[Black "Quijada Alonzo, Gisell del Valle"]
[Result "1-0"]
[WhiteElo "1653"]
[BlackElo "1640"]
[PlyCount "83"]
[EventDate "2016.12.12"]
[EventType "team-tourn"]
[EventRounds "9"]
[EventCountry "COL"]
[SourceTitle "EXT 2024"]
[Source "ChessBase"]
[SourceDate "2023.10.10"]
[SourceVersion "1"]
[SourceVersionDate "2023.10.10"]
[SourceQuality "1"]
[WhiteTeam "Bolivia"]
[BlackTeam "Venezuela"]
[WhiteTeamCountry "BOL"]
[BlackTeamCountry "VEN"]

1. e4 c5 2. Nf3 e6 3. d4 cxd4 4. Nxd4 a6 5. Bd3 Nc6 6. Be3 Qc7 7. 0-0 Be7 8. c4 Nf6 9. Nc3 0-0 10. a3 b6 11. b4 Ne5 12. Qe2 Bb7 13. f3 Bd6 14. f4 Nxd3 15. Qxd3 e5 16. Nf5 exf4 17. Qxd6 Qxc4 18. Qd4 Qxd4 19. Bxd4 Ne8 20. Bxb6 f6 21. Rxf4 g5 22. Rf2 Kf7 23. Bc5 Rh8 24. e5 Kg6 25. exf6 Nxf6 26. Ne7+ Kg7 27. Bd4 Rhf8 28. Ned5 Rae8 29. Nxf6 Rxf6 30. Bxf6+ Kg8 31. Bxg5 Bc6 32. Re2 Rb8 33. Rae1 Kf8 34. Bh6+ Kf7 35. Bf4 Rg8 36. g3 h5 37. Re7+ Kf6 38. Re8 Rg6 39. Ne4+ Kf5 40. Re5+ Kg4 41. Nf2+ Kf3 42. R1e3# 1-0

[Event "VEN-ch U14 Girls"]
[Site "Caracas"]
[Date "2016.10.30"]
[Round "5.2"]
[White "Quijada Alonzo, Gisell del Valle"]
[Black "Guillen Carrillo, Macjos Neritza"]
[Result "0-1"]
[WhiteElo "1680"]
[BlackElo "1492"]
[PlyCount "146"]
[EventDate "2016.10.27"]
[EventType "swiss"]
[EventRounds "7"]
[EventCountry "VEN"]
[SourceTitle "EXT 2022"]
[Source "ChessBase"]
[SourceDate "2021.10.06"]
[SourceVersion "1"]
[SourceVersionDate "2021.10.06"]
[SourceQuality "1"]

1. Nf3 d5 2. d4 Nf6 3. h3 e6 4. e3 c5 5. b3 Nc6 6. Bb2 Bd6 7. Ne5 cxd4 8. exd4 Qc7 9. Nxc6 bxc6 10. Bd3 0-0 11. Nd2 e5 12. dxe5 Bxe5 13. c3 Re8 14. 0-0 Qa5 15. Qc2 Ba6 16. Bxa6 Qxa6 17. Rfe1 Qb6 18. Qf5 g6 19. Qg5 Ne4 20. Nxe4 dxe4 21. Rad1 Rad8 22. Rxd8 Qxd8 23. Qe3 Qb6 24. Qxb6 axb6 25. Rd1 Ra8 26. a3 Ra5 27. Rd2 Rd5 28. Rxd5 cxd5 29. Kf1 f5 30. Ke2 Kf7 31. h4 f4 32. b4 b5 33. Bc1 Bxc3 34. Bxf4 Bb2 35. Kd2 Ke6 36. Kc2 Bd4 37. Bg3 Bb6 38. Kd2 d4 39. Bf4 Kd5 40. Kc2 Kc4 41. Kd2 Kb3 42. Bd6 Kxa3 43. Bc5 Bd8 44. Bxd4 Kxb4 45. Ke3 Bxh4 46. Kxe4 Kc4 47. g3 Be7 48. f3 Ba3 49. Ba1 b4 50. Ke3 b3 51. Kd2 b2 52. Bxb2 Bxb2 53. Ke3 Kd5 54. Kf4 Bc1+ 55. Kg4 h5+ 56. Kh4 Ke5 57. Kh3 Kf5 58. Kh4 Bg5+ 59. Kh3 Be7 60. Kg2 g5 61. Kh2 g4 62. f4 Bd6 63. Kg2 Bxf4 64. gxf4 Kxf4 65. Kf2 h4 66. Kg2 h3+ 67. Kh2 Kf3 68. Kg1 g3 69. Kh1 g2+ 70. Kh2 Kf2 71. Kxh3 g1Q 72. Kh4 Qg6 73. Kh3 Qg3# 0-1

[Event "VEN-ch U14 Girls"]
[Site "Caracas"]
[Date "2016.10.29"]
[Round "4.3"]
[White "Chavez Garcia, Vidaluz Gregoria"]
[Black "Quijada Alonzo, Gisell del Valle"]
[Result "0-1"]
[WhiteElo "1520"]
[BlackElo "1680"]
[PlyCount "60"]
[EventDate "2016.10.27"]
[EventType "swiss"]
[EventRounds "7"]
[EventCountry "VEN"]
[SourceTitle "EXT 2022"]
[Source "ChessBase"]
[SourceDate "2021.10.06"]
[SourceVersion "1"]
[SourceVersionDate "2021.10.06"]
[SourceQuality "1"]

1. d4 d5 2. Nf3 e6 3. e3 Nf6 4. Bd3 Nbd7 5. 0-0 Bd6 6. b3 0-0 7. Bb2 b6 8. Nbd2 Bb7 9. Re1 Ne4 10. Ne5 f6 11. Nxd7 Qxd7 12. f3 Ng5 13. e4 Rae8 14. e5 fxe5 15. dxe5 Bc5+ 16. Kh1 Qf7 17. Qe2 Qh5 18. Rf1 d4 19. Ne4 Nf7 20. Nxc5 bxc5 21. Rae1 Nh6 22. Ba3 c4 23. Bxh7+ Kxh7 24. Bxf8 Rxf8 25. Qxc4 Rf4 26. Kg1 Rh4 27. Qxe6 Rxh2 28. Rd1 Qh4 29. Qh3 Rxh3 30. gxh3 Qxh3 0-1

[Event "VEN-ch U14 Girls 3rd"]
[Site "San Antonio"]
[Date "2016.04.03"]
[Round "6.2"]
[White "Quijada Alonzo, Gisell del Valle"]
[Black "Castro Paitan, Maria Raquel"]
[Result "1/2-1/2"]
[WhiteElo "1706"]
[BlackElo "1577"]
[PlyCount "77"]
[EventDate "2016.04.01"]
[EventType "swiss"]
[EventRounds "7"]
[EventCountry "VEN"]
[SourceTitle "EXT 2022"]
[Source "ChessBase"]
[SourceDate "2021.10.06"]
[SourceVersion "1"]
[SourceVersionDate "2021.10.06"]
[SourceQuality "1"]

1. Nf3 f5 2. d4 Nf6 3. e3 e6 4. Bd3 c6 5. c4 d5 6. 0-0 b6 7. Bd2 Bd6 8. b4 0-0 9. c5 bxc5 10. bxc5 Be7 11. Nc3 Nbd7 12. Rb1 Ne4 13. Qe2 Qc7 14. Rb3 Rb8 15. Rfb1 Rxb3 16. Rxb3 h6 17. Ba6 Bxa6 18. Qxa6 Rb8 19. Nxe4 Rxb3 20. axb3 fxe4 21. Ba5 Nb8 22. Ne5 Nxa6 23. Bxc7 Nxc7 24. Nxc6 Kf8 25. Nxa7 Ke8 26. b4 Kd7 27. b5 Bd8 28. c6+ Ke8 29. b6 Na6 30. c7 Bxc7 31. bxc7 Nxc7 32. Nc6 Kf7 33. h4 h5 34. Kh2 Kf6 35. Kh3 g5 36. Nd8 g4+ 37. Kg3 e5 38. dxe5+ Kxe5 39. Nc6+ 1/2-1/2

[Event "VEN-ch U14 Girls 3rd"]
[Site "San Antonio"]
[Date "2016.04.02"]
[Round "4.1"]
[White "Quintero Escalona, Genesis Naile"]
[Black "Quijada Alonzo, Gisell del Valle"]
[Result "1-0"]
[WhiteElo "1682"]
[BlackElo "1706"]
[PlyCount "151"]
[EventDate "2016.04.01"]
[EventType "swiss"]
[EventRounds "7"]
[EventCountry "VEN"]
[SourceTitle "EXT 2022"]
[Source "ChessBase"]
[SourceDate "2021.10.06"]
[SourceVersion "1"]
[SourceVersionDate "2021.10.06"]
[SourceQuality "1"]

1. e4 c5 2. Nf3 Nc6 3. d4 cxd4 4. Nxd4 e5 5. Nf3 a6 6. Nc3 Nf6 7. Bc4 h6 8. 0-0 Bc5 9. a3 0-0 10. Qd3 Qc7 11. Be3 Bxe3 12. Qxe3 Nd4 13. Nxd4 Qxc4 14. Nf5 d5 15. Ne7+ Kh8 16. Nexd5 Nxd5 17. exd5 f6 18. Rad1 Bf5 19. Rd2 Rad8 20. Qf3 Bg4 21. Qe4 Qc8 22. Qb4 Bh5 23. Ne4 Qc7 24. Nc5 Bf7 25. c4 Rfe8 26. Rfd1 a5 27. Qb5 b6 28. Ne6 Bxe6 29. dxe6 Rc8 30. Rd7 Qxc4 31. Qxc4 Rxc4 32. e7 Kg8 33. Rb7 Kf7 34. Rxb6 Rxe7 35. g3 Rec7 36. Rbd6 Kg6 37. Kg2 Rc2 38. R1d2 R2c4 39. b3 Rc1 40. R6d5 Rb1 41. Rxa5 Rxb3 42. Ra2 Kf5 43. a4 Ke4 44. Ra8 Kd4 45. a5 Kc4 46. a6 Kc3 47. Ra1 Kb2 48. Ra5 Ra3 49. Rb5+ Rb3 50. Ra5 Ra3 51. Rb8+ Ka2 52. Rxa3+ Kxa3 53. Rb7 Rc8 54. Rxg7 Ra8 55. a7 Ka4 56. Rf7 Kb5 57. Rxf6 Rxa7 58. Rxh6 Re7 59. h4 Kc5 60. g4 Kd4 61. g5 Ke4 62. g6 Kf5 63. h5 Kf6 64. Kf3 Re8 65. Rh7 Rg8 66. Kg4 Rd8 67. Rf7+ Ke6 68. h6 Rg8 69. Kg5 e4 70. h7 Rh8 71. Rf6+ Ke7 72. g7 Rxh7 73. g8Q e3 74. Qxh7+ Ke8 75. Qg7 exf2 76. Rf8# 1-0